[Event "DEN-ch Seniors 65"]
[Site "Logumkloster"]
[Date "2020.02.11"]
[Round "3"]
[White "Jacobsen, Niels"]
[Black "Pedersen, Borge"]
[Result "0-1"]
[WhiteElo "1868"]
[BlackElo "1980"]
[PlyCount "66"]
[EventDate "2020.02.09"]
[EventType "swiss"]
[EventRounds "7"]
[EventCountry "DEN"]
[SourceTitle "EXT 2021"]
[Source "ChessBase"]
[SourceDate "2020.10.23"]
[SourceVersion "1"]
[SourceVersionDate "2020.10.23"]
[SourceQuality "1"]

1. e4 c5 2. Nf3 Nc6 3. Bb5 g6 4. 0-0 Bg7 5. c3 e5 6. d4 cxd4 7. cxd4 exd4 8. Bf4 Nge7 9. Bd6 0-0 10. Na3 Re8 11. Nc2 Qb6 12. a4 a6 13. Bxc6 dxc6 14. Ncxd4 Bg4 15. a5 Qd8 16. e5 Nd5 17. Qb3 Qd7 18. h3 Bxf3 19. Nxf3 h6 20. Rfe1 Re6 21. Nd4 Rxd6 22. exd6 Bxd4 23. Rad1 Bc5 24. Re5 Bxd6 25. Rdxd5 cxd5 26. Rxd5 Rd8 27. g3 Qc7 28. h4 Be7 29. h5 Qc1+ 30. Kh2 Rxd5 31. Qxd5 Qc6 32. Qe5 Qd6 33. Qe3 g5 0-1

[Event "Aalborg Larsen Memorial"]
[Site "Aalborg"]
[Date "2018.10.18"]
[Round "6"]
[White "Jacobsen, Niels"]
[Black "Malmdin, Nils Ake"]
[Result "1/2-1/2"]
[WhiteElo "1883"]
[BlackElo "2141"]
[PlyCount "152"]
[EventDate "2018.10.13"]
[EventType "swiss"]
[EventRounds "7"]
[EventCountry "DEN"]
[SourceTitle "CBM 186 Extra"]
[Source "ChessBase"]
[SourceDate "2018.08.24"]
[SourceVersion "1"]
[SourceVersionDate "2018.08.24"]
[SourceQuality "1"]

1. e4 g6 2. d4 Bg7 3. Nf3 c5 4. c4 Qb6 5. dxc5 Qxc5 6. Bd3 d6 7. 0-0 Bg4 8. h3 Be6 9. Be3 Qc8 10. Bd4 Nf6 11. Nc3 Nc6 12. Nd5 Nxd4 13. Nxd4 Bd7 14. Rc1 Nxd5 15. cxd5 Qd8 16. Bb5 0-0 17. Bxd7 Qxd7 18. b3 Rac8 19. Qd2 Rc5 20. b4 Rcc8 21. Nf3 Qa4 22. Rxc8 Rxc8 23. Rc1 Rxc1+ 24. Qxc1 Qxb4 25. Qc8+ Bf8 26. Ng5 Qc5 27. Qg4 Bh6 28. h4 b5 29. Qd7 Bxg5 30. hxg5 Qc1+ 31. Kh2 Qxg5 32. Qxb5 Qf4+ 33. Kg1 Qc1+ 34. Kh2 Qf4+ 35. Kg1 Qxe4 36. Qb8+ Kg7 37. Qxa7 Kf6 38. Qa8 Qe1+ 39. Kh2 Qxf2 40. a4 Ke5 41. a5 Qh4+ 42. Kg1 Qd4+ 43. Kh2 Qxd5 44. Qh8+ Kf4 45. a6 Qh5+ 46. Kg1 Qc5+ 47. Kh2 Qa5 48. Qd4+ Kf5 49. a7 e5 50. Qd3+ e4 51. Qd4 d5 52. Qf2+ Ke6 53. Qd4 h5 54. Kg3 g5 55. Qe3 Kf5 56. Qf2+ Ke6 57. Qd4 f6 58. Qe3 Ke5 59. Kh3 Kf5 60. Qd4 Ke6 61. Qe3 Kf5 62. Qd4 Kg6 63. Qe3 f5 64. Qd4 f4 65. Qe5 Qxa7 66. Qe6+ Kh7 67. Qf5+ Kg8 68. Qxg5+ Qg7 69. Qxd5+ Kh8 70. Qxh5+ Qh7 71. Qxh7+ Kxh7 72. Kg4 e3 73. Kf3 Kg6 74. g3 Kf5 75. gxf4 e2 76. Kxe2 Kxf4 1/2-1/2

[Event "Aalborg Larsen Memorial"]
[Site "Aalborg"]
[Date "2018.10.17"]
[Round "5"]
[White "Jacobsen, Niels"]
[Black "Jepsen, Thomas Stausholm"]
[Result "0-1"]
[WhiteElo "1883"]
[BlackElo "2180"]
[PlyCount "64"]
[EventDate "2018.10.13"]
[EventType "swiss"]
[EventRounds "7"]
[EventCountry "DEN"]
[SourceTitle "CBM 186 Extra"]
[Source "ChessBase"]
[SourceDate "2018.08.24"]
[SourceVersion "1"]
[SourceVersionDate "2018.08.24"]
[SourceQuality "1"]

1. e4 d6 2. d4 Nf6 3. Nc3 c6 4. a4 Nbd7 5. Nf3 e5 6. Be2 Be7 7. h3 0-0 8. Be3 Qc7 9. 0-0 Re8 10. Nd2 d5 11. exd5 Nxd5 12. Nxd5 cxd5 13. dxe5 Qxe5 14. c3 Nf6 15. Nf3 Qc7 16. Nd4 a6 17. Bf3 Ne4 18. Bxe4 dxe4 19. f3 Bxh3 20. fxe4 Qg3 21. Qf3 Qxf3 22. Rxf3 Bg4 23. Rf2 Bh4 24. g3 Rxe4 25. gxh4 Rxe3 26. Rf4 h5 27. Raf1 f6 28. Nf5 Re2 29. R1f2 Rae8 30. Nd4 R2e3 31. Nf5 Rh3 32. Ng3 Rxg3+ 0-1